Statistics for NBA Players With The Most Followers On Twitter

Click here to take the quiz!

General Stats

  • This quiz has been taken 5,165 times
  • The average score is 10 of 30

Answer Stats

RankFollowersPlayer% Correct
16,528,947LeBron James
100%
17748,399James Harden
88%
53,156,853Kevin Durant
81%
19694,069Russell Westbrook
66%
23,809,129Dwyane Wade
58%
81,577,692Pau Gasol
58%
72,458,922Paul Pierce
54%
91,532,445Chris Paul
50%
29262,593Anthony Davis
49%
62,620,648Carmelo Anthony
47%
33,615,832Dwight Howard
37%
111,223,765Blake Griffin
35%
21650,007Dirk Nowitzki
33%
23480,261Kevin Love
27%
25373,164Marc Gasol
27%
24389,250Tony Parker
27%
15812,985Rajon Rondo
23%
121,222,983Steve Nash
23%
20679,274Baron Davis
21%
28301,443Deron Williams
18%
101,427,449Manu Ginobili
18%
14914,660Jeremy Lin
12%
27305,365Serge Ibaka
8%
43,467,274Lamar Odom
7%
26353,215Tyson Chandler
7%
13917,675Derek Fisher
6%
22559,199Mario Chalmers
5%
16788,273Jason Terry
4%
30232,774Luis Scola
1%
18745,054Rudy Fernandez
1%

Score Distribution

Percentile by Number Answered

Percent of People with Each Score

Your Score History

You have not taken this quiz